| 000 | 00699nam a2200205 i 4500 | ||
|---|---|---|---|
| 001 | 86095 | ||
| 003 | ES-MaACL | ||
| 005 | 20230906175354.0 | ||
| 007 | t| | ||
| 008 | 041207s1976 sp ||||1| spa d | ||
| 100 | 1 |
_aKany, Charles E. _967511 |
|
| 245 | 1 | 0 |
_aSintaxis hispanoamericana / _cCharles E. Kany ; versión de Martín Blanco Alvarez. |
| 260 |
_aMadrid : _bGredos, _c[1976] |
||
| 300 |
_a550 p. ; _c21 cm. |
||
| 490 | 1 |
_aBiblioteca románica hispánica. II. Estudios y ensayos ; _v136 |
|
| 700 | 1 |
_aBlanco Alvarez, Martín. _929218 |
|
| 830 | 0 |
_aBiblioteca románica hispánica. II. Estudios y ensayos ; _v136 _9178108 |
|
| 852 |
_aES-MaACL _jA-6334 _bR.95367 |
||
| 999 |
_c86095 _d86095 |
||